| 000 | 03165nam a2200397 c 4500 | ||
|---|---|---|---|
| 999 |
_c156604 _d156604 |
||
| 003 | BLK | ||
| 005 | 20241206005451.0 | ||
| 008 | 180410b bul|||||r ||||||| ||bul|| | ||
| 010 | _aKNG00163445000 | ||
| 040 | _aBLK | ||
| 041 |
_aBUL _cBUL |
||
| 080 |
_aЛитература на отделни езици и езикови семейства _b821 _x-1(082.2) _z821-1(082.2) |
||
| 080 |
_aБългарска литература _b821.163.2 _x-1(082.2) _z821.163.2-1(082.2) |
||
| 080 |
_aРуска литература _b821.161.1 _x-1(082.2) _z821.161.1-1(082.2) |
||
| 139 |
_aАнтология на световната любовна лирика _bА 75 |
||
| 245 | 1 | 0 |
_aАнтология на световната любовна лирика _cсъстав., ред. Владимир Свинтила и др. ; рис. от Пабло Пикасо и др. ; прев. от Григор Ленков и др |
| 257 | _aSB | ||
| 260 |
_bНар. младеж _c1967 _aСофия |
||
| 300 |
_a367 с. _bс ил. _c22 см |
||
| 380 | _aX | ||
| 500 | _aДруги сътав., ред. : Л. Любенов, Гр. Ленков ; Други ил. : А. Матис, Т. Кулисйевич, И. Ненов ; Други прев. : Л. Любенов, В. Свинтила, Г Батаклиев, Б. Георгиев, И. Пауновски, И. Теофилов, Х. Черняев, С. Бакърджиев, А. Славов, Д. Боляров, Н. Бояджиев, П. Симов, А. Шурбанов, Др. Петров, Г. Мицков, А. Янакиева, Г. Джагаров, Г. Михайлов, Б. Димитрова, А. Стоянов, А. Германов, К. Станишев, А. Далчев, Ч. Шишманов, С. Чавдаров, Ц. Стоянов, Д. Стоевски, П. Стефанов, Н. Николов, И. Коларов, Й. Ковачев, Ел. Багряна, Н. Христозов, Н. Джеров, Г. Крумов, Н. Лилиев, В. Ханчев, В. Петров, А. Муратов, Н. Вълчев, Н. Йорданов, И. Давидков, В. Раковски, Д. Стефанов, С. Хр. Караславов ; Валери Петров - псевд. на прев. Валери Нисим Меворах, а Ел. Багряна - псевд. на прев. Елисавета Любомирова Белчева 20 100 тир | ||
| 700 | 1 |
_aСвинтила, Владимир _gНиколов, Владимир Георгиев _9364072 |
|
| 700 | 1 |
_aЛюбенов, Любен _eсъстав. и ред. _gПрангов, Любен Георгиев _9363992 |
|
| 700 | 1 |
_aЛенков, Григор _eсъстав. и ред. _9376821 |
|
| 700 |
_aБагряна, Елисавета _d1893-1991 _qБелчева, Елисавета Любомирова _9364149 |
||
| 700 | 1 |
_aПикасо, Пабло _eрис. _9370414 |
|
| 852 |
_aЦб 42918 _bЦб |
||
| 856 | 4 | _qpdf | |
| 856 | 4 | _qpdf | |
| 942 |
_cKNG _n0 _s1 |
||
| 944 |
_aCR _c22.07.2014 _k _lCRON CRON |
||
| 944 |
_aED _c23.07.2014 |
||
| 944 |
_aED _c2022-06-10 |
||
| 999 | _d156604 | ||
| 999 | _d156604 | ||